Hindu law principles and precedents (Record no. 352834)

000 -LEADER
fixed length control field 00386cam a22001337a 4500
008 - FIXED-LENGTH DATA ELEMENTS--GENERAL INFORMATION
fixed length control field 180718b1960 xxu||||| |||| 00| 0 eng d
082 ## - DEWEY DECIMAL CLASSIFICATION NUMBER
Classification number G93x54 R126
100 ## - MAIN ENTRY--PERSONAL NAME
Personal name Raghava Chander N.R.
245 ## - TITLE STATEMENT
Title Hindu law principles and precedents
Statement of responsibility, etc. by N. R. Raghavachariar
250 ## - EDITION STATEMENT
Edition statement 4rth ed.
260 ## - PUBLICATION, DISTRIBUTION, ETC.
Place of publication, distribution, etc. Madras
Name of publisher, distributor, etc. Madras Law Journal Office
Date of publication, distribution, etc. 1960
300 ## - PHYSICAL DESCRIPTION
Extent lxvi, 1104P
650 ## - SUBJECT ADDED ENTRY--TOPICAL TERM
Topical term or geographic name entry element Hindu law
Holdings
Withdrawn status Lost status Damaged status Not for loan Permanent Location Current Location Date acquired Full call number Barcode Date last seen Price effective from Koha item type
        Indian Institute of Public Administration Indian Institute of Public Administration 1899-12-30 G93x54 R126 21271 2018-07-21 2018-07-21 Book

Powered by Koha